| 000 | 01134cam a22002651 4500 | ||
|---|---|---|---|
| 001 | l 42000137 | ||
| 003 | DLC | ||
| 005 | 20260227111538.0 | ||
| 008 | 790925s1942 dcua 000 0 eng c | ||
| 010 | _al 42000137 | ||
| 035 | _a(OCoLC)5425134 | ||
| 040 |
_aU.S. Dept. of labor. Libr. _cOCl _dDLC |
||
| 042 | _apremarc | ||
| 050 | 0 | 0 |
_aHD8051 _b.A62 no. 697 |
| 082 | _a331.06173 | ||
| 100 | 1 | _aOlenin, Alice. | |
| 245 | 1 | 0 |
_aHours and earnings in the United States, 1932-40, _bwith supplement for 1941. _cBy Alice Olenin and Thomas F. Corcoran of the Division of employment statistics, Lewis E. Talbert, chief. |
| 260 |
_aWashington, _bU.S. Govt. print. off., _c1942. |
||
| 300 |
_av, 207 p. incl. tables, diagrs. _c23 cm. |
||
| 490 | 0 |
_aUnited States. Bureau of labor statistics. Bulletin _vno. 697 |
|
| 500 | _aAt head of title: United States Dept. of labor, Frances Perkins, secretary. Bureau of labor statistics, Isador Lubin, commissioner (on leave) A. F. Hinrichs, acting commissioner. | ||
| 650 | 0 |
_aWages _zUnited States. |
|
| 650 | 0 |
_aHours of labor _zUnited States. |
|
| 700 | 1 |
_aCorcorán, Thomas F. _ejoint author. |
|
| 999 |
_c36391 _d36391 |
||